| 000 | 00000nam 2200000za 4500 |
| 001 | 9.523644 |
| 003 | CaOODSP |
| 005 | 20240628084200 |
| 007 | ta |
| 008 | 150406|1994||||xxc||||| f|0| 0 eng d |
| 020 | |a0-662-60291-9 |
| 040 | |aCaOODSP|beng |
| 041 | |aeng |
| 041 | |afre |
| 043 | |an-cn--- |
| 086 | 1 |aEn49-5/5-5 |
| 110 | 1 |aCanada. |bEnvironment Canada. |bEnvironmental Protection Service. |
| 245 | 10|aEstimates of emissions from pleasure craft in Canada / |cby S. V. Yumlu. Issued by the Industrial Sectors Branch. |
| 260 | |aOttawa - Ontario : |bEnvironment Canada. |c1994. |
| 300 | |aEnglish text, viii, 14p. : |breferences, tables ; |c28 cm. |
| 490 | 1 |aEnvironmental Protection series. Report|vEPS 5/AP/5 |
| 500 | |aN.B.: Incorrect catalogue number (En49-5/5-5E) and ISBN (0-662-60292-9) printed in this publication. |
| 546 | |aBilingual |
| 563 | |aSoftcover |
| 690 | 07|aAir pollution|2gcpds |
| 720 | 1 |aYumlu, S. V. |
| 776 | 0#|tEstimates of emissions from pleasure craft in Canada / |w(CaOODSP)9.939949 |
| 792 | |tEstimation des émissions des bateaux de plaisance au Canada / |efre|w(CaOODSP)9.523645 |
| 830 | #0|aEnvironmental Protection series. Report ;|vEPS 5/AP/5|w(CaOODSP)9.509284 |